00930nam a22002177a 45000010005000000030006000050050017000110080041000280200018000690400029000870820009001161000015001252450038001402600036001783000047002145050007002615200354002685210027006225210018006496500045006678456FISKH20250912152554.0250912b cb ||||| |||| 00| 0 eng d a9789833578900 aFISKHbengcFISKHdFISKH a813  aAnonymous  aGoing down the river : bBook 2/  aSDN BHD : bFuture Ace, c2010. a24 pages : bcolor illustrations ; c26 cm aG  aThe story follows animals as they journey down the river. Along the way, children are introduced to different animals—such as hippos, flamingos, and others—while also learning simple words and sentences. The book is designed to build early literacy and reading confidence through repetition, bright illustrations, and engaging animal adventures.8 a300 bLexile estimate 8 aG bRaz-Plus  aAnimals vEarly readersxRiver journey